000 00326nam a22001457a 4500
008 230321b ||||| |||| 00| 0 eng d
020 _a9780691146348
041 _aeng
080 _a159.9
082 _a159.9RUD
100 _a25
101 _aPSI
245 _aPLOWS PLAGUES AND PETROLEUM
_cRUDDIMAN.F.W
942 _2udc
_cBK
999 _c59412
_d59412